000 00432pab a2200157 454500
008 180718b2015 xxu||||| |||| 00| 0 eng d
245 _aSpecial issue on pressure groups and democratic governance
260 _c2015
300 _ap.357-600.
362 _aJul-Sep
650 _aDemocratization
650 _aPressure groups
650 _aInterest groups
773 _aIndian Journal of Public Administration
909 _a115600
999 _c115594
_d115594